Tārīkh al-adab al-ʻArabī, (Record no. 49684)

MARC details
000 -LEADER
fixed length control field 00913cam a22002651 4500
001 - CONTROL NUMBER
control field ne 67001220
003 - CONTROL NUMBER IDENTIFIER
control field DLC
005 - DATE AND TIME OF LATEST TRANSACTION
control field 20260227111833.0
008 - FIXED-LENGTH DATA ELEMENTS--GENERAL INFORMATION
fixed length control field 870403m19671977ua b 000 0 arar
010 ## - LIBRARY OF CONGRESS CONTROL NUMBER
LC control number ne 67001220
035 ## - SYSTEM CONTROL NUMBER
System control number (OCoLC)15481267
040 ## - CATALOGING SOURCE
Original cataloging agency DLC
Transcribing agency WaU
Modifying agency OCoLC
-- DLC
041 1# - LANGUAGE CODE
Language code of text/sound track or separate title ara
Language code of original ger
042 ## - AUTHENTICATION CODE
Authentication code premarc
050 00 - LIBRARY OF CONGRESS CALL NUMBER
Classification number Z7053
Item number .B862
100 1# - MAIN ENTRY--PERSONAL NAME
Personal name Brockelmann, Carl,
Dates associated with a name 1868-1956.
245 10 - TITLE STATEMENT
Title Tārīkh al-adab al-ʻArabī,
Statement of responsibility, etc. [taʼlīf Carl Brockelmann. Naqalahu ilá al-ʻArabīyah ʻAbd al-Ḥalīm al-Najjār.
260 ## - PUBLICATION, DISTRIBUTION, ETC.
Place of publication, distribution, etc. Miṣr,
Name of publisher, distributor, etc. Dār al-Maʻārif,
Date of publication, distribution, etc. 1967-
300 ## - PHYSICAL DESCRIPTION
Extent v.
500 ## - GENERAL NOTE
General note At head of title: Jāmiʻat al-Duwal al-ʻArabīyah. al-Idārah al-Thaqāfīyah.
500 ## - GENERAL NOTE
General note Translation of Geschichte der arabischen Litteratur.
500 ## - GENERAL NOTE
General note Vol. 2 called: Ṭabʻah 2.
650 #0 - SUBJECT ADDED ENTRY--TOPICAL TERM
Topical term or geographic name entry element Arabic literature
General subdivision Bio-bibliography.
700 1# - ADDED ENTRY--PERSONAL NAME
Personal name Najjār, ʻAbd al-Ḥalīm.

No items available.

Powered by Koha